[Event "Junior Online 4NCL Division 2"]
[Site "online"]
[Date "2020.11.12"]
[Round "7.143"]
[White "Suyal, Nivedita"]
[Black "Cimurs, Alexander"]
[Result "1-0"]
[WhiteElo "1072"]
[BlackElo "1292"]
[PlyCount "79"]
[EventDate "2020.11.12"]
[WhiteTeam "Phones Juniors A"]
[BlackTeam "Leicestershire Juniors 2"]

1. e4 e5 2. Nf3 Nc6 3. Bc4 Bc5 4. Nc3 Nf6 5. d3 O-O 6. Bg5 h6 7. Bh4 d6 8. h3
Nd4 9. a3 Nxf3+ 10. Qxf3 Bd4 11. Nd5 Nxd5 12. Bxd8 Rxd8 13. Bxd5 Rf8 14. c3 Bc5
15. O-O Bd7 16. b4 Bb6 17. Bxb7 Rab8 18. Bd5 a6 19. Bb3 Be6 20. Bxe6 fxe6 21.
Qe2 c6 22. Rad1 Bc7 23. d4 d5 24. exd5 cxd5 25. Qxa6 exd4 26. Qxe6+ Kh8 27.
cxd4 Rbe8 28. Qxd5 Rd8 29. Qc4 Rc8 30. Qd3 Rcd8 31. a4 Be5 32. Qe4 Bd6 33. b5
Ra8 34. Qc2 Rac8 35. Qb3 Rfe8 36. Rc1 Rxc1 37. Rxc1 Re7 38. Qd3 Bf4 39. Rc8+
Re8 40. Rxe8# 1-0

[Event "Junior Online 4NCL Division 2"]
[Site "online"]
[Date "2020.11.12"]
[Round "7.144"]
[White "Sinha, Aarav"]
[Black "Lukhi, Neev"]
[Result "0-1"]
[WhiteElo "1217"]
[BlackElo "1003"]
[PlyCount "76"]
[EventDate "2020.11.12"]
[WhiteTeam "Leicestershire Juniors 2"]
[BlackTeam "Phones Juniors A"]

1. e4 e5 2. Nf3 Nc6 3. Bc4 Bc5 4. b4 Bxb4 5. c3 Bc5 6. d4 exd4 7. O-O Nge7 8.
cxd4 Bb6 9. d5 Na5 10. Bb3 O-O 11. e5 d6 12. e6 Nxb3 13. Qxb3 c6 14. exf7+ Rxf7
15. dxc6 Nxc6 16. Ng5 d5 17. Nxf7 Kxf7 18. Nc3 Be6 19. Re1 Nd4 20. Qb4 a5 21.
Qa3 Nc2 22. Qb2 Nxe1 23. Bd2 Nd3 24. Qc2 Nxf2 25. Kf1 Qf6 26. Nd1 Nxd1+ 27. Ke1
Qf2+ 28. Kxd1 Bg4+ 29. Kc1 Qf1+ 30. Kb2 Bd4+ 31. Bc3 Bxc3+ 32. Qxc3 Qxg2+ 33.
Kb3 a4+ 34. Ka3 Rc8 35. Qb4 Qf3+ 36. Kb2 Qe2+ 37. Ka3 Qd3+ 38. Kb2 Rc2+ 0-1

[Event "Junior Online 4NCL Division 2"]
[Site "online"]
[Date "2020.11.12"]
[Round "7.145"]
[White "Datoo, Noor"]
[Black "Munshi, Aryan"]
[Result "0-1"]
[WhiteElo "1240"]
[BlackElo "1403"]
[PlyCount "154"]
[EventDate "2020.11.12"]
[WhiteTeam "Leicestershire Juniors 2"]
[BlackTeam "Phones Juniors A"]

1. e4 e5 2. Nf3 Nc6 3. Bc4 Bc5 4. Nc3 Nf6 5. d3 d6 6. Be3 Bb6 7. d4 exd4 8.
Bxd4 Nxd4 9. Nxd4 Bxd4 10. Qxd4 O-O 11. O-O-O Qe7 12. Qe3 Be6 13. Bxe6 fxe6 14.
f4 e5 15. Nd5 Nxd5 16. exd5 Rae8 17. Rhe1 Rxf4 18. Qxf4 exf4 19. Rxe7 Rxe7 20.
Rf1 g5 21. g3 fxg3 22. hxg3 Kg7 23. Kd2 Re5 24. c4 h6 25. Kd3 Re7 26. g4 Rf7
27. Rh1 Rf4 28. Rg1 Kf6 29. Ke3 Rxc4 30. Rf1+ Kg7 31. Rg1 Rf4 32. a3 Kg6 33.
Rc1 Rf7 34. b4 Kf6 35. Rh1 Kg6 36. Rc1 h5 37. gxh5+ Kxh5 38. Rh1+ Kg6 39. Rc1
g4 40. Rg1 Kg5 41. Rg3 Re7+ 42. Kf2 Kf4 43. Rd3 b6 44. Rd4+ Re4 45. Rd3 Rc4 46.
Rd2 g3+ 47. Kg2 Ke3 48. Rb2 Kd4 49. Kxg3 Kxd5 50. Rd2+ Rd4 51. Rf2 Rd3+ 52. Rf3
Rxf3+ 53. Kxf3 Kc4 54. Ke4 Kb3 55. Kd5 Kxa3 56. Kc6 Kxb4 57. Kd5 a5 58. Kd4 a4
59. Kd3 Kb3 60. Kd2 Kb2 61. Kd3 a3 62. Kd2 a2 63. Kd1 a1=Q+ 64. Kd2 Qa4 65. Kd3
c5 66. Ke3 Qd4+ 67. Ke2 b5 68. Kf3 b4 69. Ke2 b3 70. Kf3 Kc2 71. Ke2 b2 72. Kf3
b1=Q 73. Kg2 Qbd1 74. Kg3 Q1d3+ 75. Kh2 Qh4+ 76. Kg1 Qhg3+ 77. Kh1 Qdf3# 0-1

[Event "Junior Online 4NCL Division 2"]
[Site "online"]
[Date "2020.11.12"]
[Round "7.146"]
[White "Vadalia, Jainill"]
[Black "Eradi, Madhav"]
[Result "1-0"]
[WhiteElo "1140"]
[BlackElo "1292"]
[PlyCount "137"]
[EventDate "2020.11.12"]
[WhiteTeam "Phones Juniors A"]
[BlackTeam "Leicestershire Juniors 2"]

1. e4 e5 2. Nf3 Nc6 3. Bc4 Nf6 4. Nc3 Nxe4 5. Nxe4 d5 6. Bxd5 Qxd5 7. Nc3 Qe6
8. d3 Qf6 9. Bg5 Qg6 10. Nd5 Qd6 11. Nc3 Bg4 12. h3 Bh5 13. Be3 O-O-O 14. Ne4
Qb4+ 15. Bd2 Qb6 16. Ng3 Nd4 17. Nxh5 Nxf3+ 18. Qxf3 Qxb2 19. Qd1 Bb4 20. O-O
Bxd2 21. Qxd2 e4 22. Rfb1 Qa3 23. Rb3 Qa6 24. Ng3 exd3 25. Rxd3 Rde8 26. Re3
Rd8 27. Qe2 Qc6 28. Rb1 a6 29. Reb3 b6 30. Qxa6+ Kd7 31. Qb5 Qxb5 32. Rxb5 Kc6
33. R5b3 Rd2 34. Rc3+ Kb7 35. Rd3 Rxc2 36. a3 Ra2 37. Kf1 Ra8 38. Rbb3 c5 39.
Rd7+ Kc6 40. Rxf7 R2xa3 41. Rxa3 Rxa3 42. Rxg7 Ra1+ 43. Ke2 b5 44. Rxh7 b4 45.
Rh6+ Kb5 46. Ne4 Kc4 47. Nd2+ Kc3 48. Rc6 b3 49. Nxb3 Ra2+ 50. Kf3 Kxb3 51.
Rxc5 Ra3 52. Re5 Kb4+ 53. Re3 Ra2 54. g4 Ra5 55. Kg3 Kc4 56. f4 Kd4 57. Rf3 Ke4
58. g5 Kf5 59. h4 Kg6 60. Kg4 Rf5 61. h5+ Kf7 62. Kxf5 Kg7 63. Re3 Kg8 64. Re7
Kf8 65. Kf6 Kg8 66. Rf7 Kh8 67. Kg6 Kg8 68. h6 Kh8 69. Rf8# 1-0

[Event "Junior Online 4NCL Division 2"]
[Site "online"]
[Date "2020.11.12"]
[Round "7.147"]
[White "Cimurs, Alexander"]
[Black "Suyal, Nivedita"]
[Result "0-1"]
[WhiteElo "1292"]
[BlackElo "1072"]
[PlyCount "38"]
[EventDate "2020.11.12"]
[WhiteTeam "Leicestershire Juniors 2"]
[BlackTeam "Phones Juniors A"]

1. e4 e5 2. Nf3 Nc6 3. Bb5 Nf6 4. Nc3 Bc5 5. Bc4 d6 6. h3 a6 7. Ng5 O-O 8. Nxf7
Rxf7 9. Bxf7+ Kxf7 10. Nd5 Be6 11. Nxf6 Qxf6 12. O-O Kg8 13. d3 Qg6 14. Qf3 Rf8
15. Qg3 Qxg3 16. Be3 Bxe3 17. fxe3 Bxh3 18. Rf2 Qxf2+ 19. Kh2 Qxg2# 0-1

[Event "Junior Online 4NCL Division 2"]
[Site "online"]
[Date "2020.11.12"]
[Round "7.148"]
[White "Lukhi, Neev"]
[Black "Sinha, Aarav"]
[Result "1-0"]
[WhiteElo "1003"]
[BlackElo "1217"]
[PlyCount "55"]
[EventDate "2020.11.12"]
[WhiteTeam "Phones Juniors A"]
[BlackTeam "Leicestershire Juniors 2"]

1. e4 e5 2. Nf3 Nc6 3. Bc4 Bc5 4. Nc3 Nf6 5. d3 O-O 6. O-O d6 7. h3 Be6 8. Bb3
h6 9. Nd5 Bxd5 10. Bxd5 Nd4 11. c3 Nxf3+ 12. Qxf3 Nxd5 13. exd5 Rc8 14. b4 Bb6
15. a4 a5 16. Qg3 axb4 17. cxb4 c6 18. Bxh6 g6 19. Bxf8 Kxf8 20. dxc6 bxc6 21.
Rac1 c5 22. a5 Ba7 23. bxc5 dxc5 24. Qxe5 Qxd3 25. Qh8+ Ke7 26. Qxc8 Qa3 27.
Rfe1+ Kf6 28. Qa6+ 1-0

[Event "Junior Online 4NCL Division 2"]
[Site "online"]
[Date "2020.11.12"]
[Round "7.151"]
[White "Nguyen, Ryan"]
[Black "Parikh, Naavya"]
[Result "0-1"]
[WhiteElo "1540"]
[BlackElo "1420"]
[PlyCount "112"]
[EventDate "2020.11.12"]
[WhiteTeam "KJCA Young Kestrels E"]
[BlackTeam "Harrow Juniors B"]

1. e4 e5 2. Nf3 Nc6 3. Bc4 Nf6 4. d3 h6 5. c3 Bc5 6. O-O O-O 7. Nbd2 d6 8. h3
Na5 9. Bb5 a6 10. Ba4 Nc6 11. Re1 Bd7 12. Bc2 Re8 13. Nf1 Ne7 14. b4 Bb6 15.
Be3 Rc8 16. Ba4 Bxa4 17. Qxa4 Qd7 18. Qxd7 Nxd7 19. Ng3 d5 20. exd5 Nxd5 21.
Bxb6 cxb6 22. Ne4 Nxc3 23. Nd6 f6 24. Nxc8 Rxc8 25. Rac1 Rc6 26. a3 Ne2+ 27.
Kf1 Nxc1 28. Nd2 Nxd3 29. Re3 Nf4 30. Ne4 Rc1+ 31. Re1 Rxe1+ 32. Kxe1 Nxg2+ 33.
Ke2 Nf4+ 34. Ke3 Nxh3 35. Nd6 Ng5 36. Nxb7 Kf8 37. Nd8 Ke7 38. Nc6+ Kd6 39. Nd8
Kc7 40. Ne6+ Nxe6 41. Ke4 Ng5+ 42. Kf5 Nf8 43. f4 exf4 44. Kxf4 Kd6 45. Ke3 Kd5
46. Kd3 b5 47. Kc3 Ke4 48. Kb3 Kd4 49. a4 bxa4+ 50. Kxa4 h5 51. Ka5 h4 52. Kxa6
h3 53. b5 h2 54. b6 h1=Q 55. b7 Qxb7+ 56. Kxb7 f5 0-1

[Event "Junior Online 4NCL Division 2"]
[Site "online"]
[Date "2020.11.12"]
[Round "7.152"]
[White "Jayakumar, Bharath"]
[Black "Heard, Tom"]
[Result "1-0"]
[WhiteElo "1427"]
[BlackElo "1540"]
[PlyCount "87"]
[EventDate "2020.11.12"]
[WhiteTeam "Harrow Juniors B"]
[BlackTeam "KJCA Young Kestrels E"]

1. e4 e5 2. Nf3 Nc6 3. d4 exd4 4. c3 d5 5. exd5 Qxd5 6. cxd4 Bg4 7. Be2 Bxf3 8.
Bxf3 Qe6+ 9. Be3 O-O-O 10. O-O Nf6 11. Nc3 Qc4 12. d5 Ne5 13. Be2 Qh4 14. h3
Bd6 15. Qd2 h6 16. Nb5 a6 17. Nxd6+ Rxd6 18. f4 Rxd5 19. Qc3 Nc6 20. Qc1 Re8
21. Bf2 Rxe2 22. Bxh4 Rdd2 23. Rf2 Rc2 24. Qd1 Rcd2 25. Qf1 Rxf2 26. Bxf2 Rxb2
27. Qc4 Rb4 28. Qxf7 Rxf4 29. Qf8+ Nd8 30. Qxg7 Ne4 31. Be3 Rf7 32. Qg4+ Kb8
33. Qxe4 Rf8 34. Rb1 Nc6 35. Qxc6 Kc8 36. Qxb7+ Kd7 37. Rd1+ Ke6 38. Qd5+ Kf6
39. Bd4+ Ke7 40. Bc5+ Kf6 41. Rf1+ Kg7 42. Bxf8+ Kh7 43. Qf7+ Kh8 44. Qg7# 1-0

[Event "Junior Online 4NCL Division 2"]
[Site "online"]
[Date "2020.11.12"]
[Round "7.153"]
[White "Adatia, Amar"]
[Black "Sankar, Dheekshitha"]
[Result "1-0"]
[WhiteElo "1457"]
[BlackElo "1352"]
[PlyCount "55"]
[EventDate "2020.11.12"]
[WhiteTeam "KJCA Young Kestrels E"]
[BlackTeam "Harrow Juniors B"]

1. d4 d5 2. c4 e6 3. a3 Nc6 4. Nf3 Nf6 5. Bg5 Be7 6. Nc3 b6 7. cxd5 exd5 8. e3
Bf5 9. Bb5 Qd6 10. Bf4 Qe6 11. Ne5 O-O 12. Bxc6 Rad8 13. O-O Bd6 14. Ba4 Ng4
15. Nd3 Qg6 16. Bxd6 Rxd6 17. Nf4 Qg5 18. Ncxd5 Rh6 19. h3 Nf6 20. Nxf6+ gxf6
21. Qf3 Kh8 22. Qg3 Rg8 23. Qxg5 Rxg5 24. Kh2 Rh4 25. Rac1 Be4 26. g3 Rg7 27.
gxh4 Bg2 28. Nxg2 1-0

[Event "Junior Online 4NCL Division 2"]
[Site "online"]
[Date "2020.11.12"]
[Round "7.154"]
[White "Evans, Daniel"]
[Black "Barton, Ben"]
[Result "0-1"]
[WhiteElo "1217"]
[BlackElo "1442"]
[PlyCount "64"]
[EventDate "2020.11.12"]
[WhiteTeam "Harrow Juniors B"]
[BlackTeam "KJCA Young Kestrels E"]

1. c4 Nc6 2. g3 e6 3. Bg2 Nf6 4. e3 Bc5 5. d4 Bb6 6. a3 a6 7. Ne2 d5 8. c5 Ba7
9. b4 O-O 10. Bd2 e5 11. O-O e4 12. Nf4 Bg4 13. Qb3 a5 14. b5 Ne7 15. a4 b6 16.
c6 Qc8 17. Na3 g5 18. h3 gxf4 19. hxg4 fxg3 20. fxg3 Nxg4 21. Qd1 f5 22. Nc2
Qe6 23. Rf4 Qh6 24. Rxg4+ fxg4 25. Qxg4+ Ng6 26. Qe6+ Rf7 27. Qxd5 Raf8 28.
Qxe4 Qg7 29. Qd3 Rf2 30. Bc3 Nh4 31. Bd5+ Kh8 32. Be4 Qxg3+ 0-1

[Event "Junior Online 4NCL Division 2"]
[Site "online"]
[Date "2020.11.12"]
[Round "7.155"]
[White "Parikh, Naavya"]
[Black "Nguyen, Ryan"]
[Result "0-1"]
[WhiteElo "1420"]
[BlackElo "1540"]
[PlyCount "136"]
[EventDate "2020.11.12"]
[WhiteTeam "Harrow Juniors B"]
[BlackTeam "KJCA Young Kestrels E"]

1. e4 c5 2. Nc3 Nc6 3. Bb5 Nd4 4. Bc4 g6 5. Nf3 Bg7 6. Nxd4 cxd4 7. Ne2 e6 8.
c3 dxc3 9. bxc3 Ne7 10. d4 a6 11. O-O b5 12. Bb3 Bb7 13. f3 O-O 14. a4 bxa4 15.
Bxa4 d5 16. Bc2 Qd7 17. Ba3 Rfc8 18. e5 Nf5 19. Bxf5 exf5 20. Bb4 Bf8 21. Bxf8
Kxf8 22. Qb3 Rab8 23. Qb4+ Kg7 24. Qa4 Bc6 25. Qxa6 Bb5 26. Qf6+ Kg8 27. Rfe1
Bxe2 28. Rxe2 Rxc3 29. Qd6 Qb5 30. e6 Qxe2 31. Qxb8+ Kg7 32. Qe5+ Qxe5 33. dxe5
fxe6 34. Ra7+ Kh6 35. Ra6 Rc1+ 36. Kf2 Rc2+ 37. Ke3 Rxg2 38. Rxe6 Rxh2 39. Rd6
Rc2 40. e6 Rc3+ 41. Kf4 Rc4+ 42. Ke5 Kg7 43. Kxd5 Rc8 44. Rd7+ Kf6 45. e7 Re8
46. Kd6 h5 47. Kc6 Rxe7 48. Rd4 Rh7 49. f4 g5 50. fxg5+ Kxg5 51. Rd1 h4 52.
Rg1+ Kf6 53. Kd5 h3 54. Kd4 h2 55. Rh1 Rh3 56. Kd5 Kg5 57. Ke5 f4 58. Ke4 Kg4
59. Kd4 f3 60. Ke3 Kg3 61. Kd2 Kg2 62. Rd1 h1=Q 63. Rxh1 Rxh1 64. Ke3 f2 65.
Ke2 f1=Q+ 66. Ke3 Rh3+ 67. Kd2 Qf2+ 68. Kd1 Rh1# 0-1

[Event "Junior Online 4NCL Division 2"]
[Site "online"]
[Date "2020.11.12"]
[Round "7.157"]
[White "Sankar, Dheekshitha"]
[Black "Adatia, Amar"]
[Result "0-1"]
[WhiteElo "1352"]
[BlackElo "1457"]
[PlyCount "52"]
[EventDate "2020.11.12"]
[WhiteTeam "Harrow Juniors B"]
[BlackTeam "KJCA Young Kestrels E"]

1. e4 c5 2. Nf3 d6 3. Nc3 e6 4. Bc4 Nf6 5. O-O a6 6. a3 Nbd7 7. d4 cxd4 8. Nxd4
b5 9. Bb3 Bb7 10. Re1 Nc5 11. e5 dxe5 12. Rxe5 Nxb3 13. Nxb3 Qxd1+ 14. Nxd1 Bd6
15. Re2 O-O-O 16. Be3 Nd5 17. Bd2 Nf4 18. Re3 Nxg2 19. Rc3+ Kb8 20. Na5 Nf4 21.
Ne3 Ne2+ 22. Kf1 Nxc3 23. Bxc3 Bxh2 24. Bxg7 Rhg8 25. Bc3 Rg1+ 26. Ke2 Rxa1 0-1

[Event "Junior Online 4NCL Division 2"]
[Site "online"]
[Date "2020.11.12"]
[Round "7.158"]
[White "Barton, Ben"]
[Black "Evans, Daniel"]
[Result "0-1"]
[WhiteElo "1442"]
[BlackElo "1217"]
[PlyCount "68"]
[EventDate "2020.11.12"]
[WhiteTeam "KJCA Young Kestrels E"]
[BlackTeam "Harrow Juniors B"]

1. e4 c5 2. Nf3 d6 3. Bb5+ Bd7 4. Bxd7+ Qxd7 5. Nc3 Nc6 6. O-O e6 7. d3 g6 8.
Bg5 Bg7 9. Qd2 f6 10. Be3 g5 11. h3 h5 12. Ne2 Bf8 13. c3 g4 14. hxg4 hxg4 15.
Nh2 Qh7 16. Bf4 e5 17. Bg3 O-O-O 18. a3 Nce7 19. b4 f5 20. bxc5 f4 21. cxd6
fxg3 22. fxg3 Qxh2+ 23. Kf2 Rxd6 24. Qg5 Rxd3 25. Qxg4+ Kb8 26. Rh1 Nf6 27. Qe6
Nxe4+ 28. Kf1 Qxh1+ 29. Ng1 Nc6 30. Qe8+ Rd8 31. Qg6 Bc5 32. Ke2 Qxg2+ 33. Ke1
Rd1+ 34. Rxd1 Qf2# 0-1

[Event "Junior Online 4NCL Division 2"]
[Site "online"]
[Date "2020.11.12"]
[Round "7.161"]
[White "Atkinson, Matthew"]
[Black "Liu, Wenle"]
[Result "0-1"]
[WhiteElo "1255"]
[BlackElo "1162"]
[PlyCount "114"]
[EventDate "2020.11.12"]
[WhiteTeam "SASCA Sharks"]
[BlackTeam "St Benildus"]

1. e4 e5 2. Nf3 Nc6 3. Bc4 Bc5 4. d3 d6 5. Ng5 Nh6 6. O-O O-O 7. Nf3 Ng4 8. h3
Nf6 9. Bg5 Be6 10. Bxe6 fxe6 11. Nc3 Qe7 12. Nb5 a6 13. Nc3 Rad8 14. Be3 Nd4
15. Na4 Ba7 16. c3 Nxf3+ 17. Qxf3 Bxe3 18. Qxe3 d5 19. exd5 exd5 20. d4 e4 21.
Nc5 Rb8 22. f3 a5 23. Rfe1 Rfe8 24. Re2 b6 25. fxe4 bxc5 26. e5 cxd4 27. cxd4
Ne4 28. Rf1 Rf8 29. Rxf8+ Rxf8 30. Re1 Qf7 31. Qc1 Qf2+ 32. Kh1 Ng3+ 33. Kh2
Ne2 34. Qd2 Qf4+ 35. Qxf4 Nxf4 36. Rf1 Ne6 37. Rd1 Rf4 38. Rc1 Rxd4 39. Rc6 Kf7
40. Ra6 Ra4 41. a3 d4 42. Kg1 d3 43. Kf2 h5 44. Ke3 g5 45. Kxd3 Nc5+ 46. Kc3
Nxa6 47. Kb3 Re4 48. Kc3 Rxe5 49. Kd4 Ke6 50. b3 c5+ 51. Kc4 Nc7 52. Kd3 Kd5
53. g3 Nb5 54. a4 Nd4 55. Kc3 Re2 56. g4 Ke4 57. Kc4 Rc2# 0-1

[Event "Junior Online 4NCL Division 2"]
[Site "online"]
[Date "2020.11.12"]
[Round "7.162"]
[White "Hand, Joseph"]
[Black "Krajci, Patrik"]
[Result "1/2-1/2"]
[WhiteElo "1092"]
[BlackElo "1255"]
[PlyCount "76"]
[EventDate "2020.11.12"]
[WhiteTeam "St Benildus"]
[BlackTeam "SASCA Sharks"]

1. e4 e5 2. f4 exf4 3. Nf3 Bc5 4. d4 Bb6 5. Bxf4 Ne7 6. Nc3 d6 7. Bc4 Be6 8. d5
Bg4 9. Rf1 Ng6 10. Bb5+ c6 11. dxc6 bxc6 12. Bxc6+ Nxc6 13. Nd5 O-O 14. Qd3
Nxf4 15. Nxf4 Qf6 16. Nd5 Qxb2 17. Kd2 Ba5+ 18. Ke3 Nb4 19. Nxb4 Qxb4 20. Rab1
Qc5+ 21. Nd4 Rfe8 22. h3 Bh5 23. Rf5 Re5 24. Rxe5 Qxe5 25. Nc6 Bb6+ 26. Kd2
Qf4+ 27. Kc3 Bg6 28. Re1 Qf6+ 29. Kd2 Qf2+ 30. Kd1 Kf8 31. a3 Rc8 32. Nb4 Qxg2
33. a4 Bf2 34. Qxd6+ Ke8 35. Qe5+ Kf8 36. Qd6+ Ke8 37. Qe5+ Kd8 38. Qd6+ Ke8
1/2-1/2

[Event "Junior Online 4NCL Division 2"]
[Site "online"]
[Date "2020.11.12"]
[Round "7.163"]
[White "Harper, Luke"]
[Black "Bueckert, Diana"]
[Result "0-1"]
[WhiteElo "1225"]
[BlackElo "965"]
[PlyCount "134"]
[EventDate "2020.11.12"]
[WhiteTeam "SASCA Sharks"]
[BlackTeam "St Benildus"]

1. d4 Nf6 2. c4 e6 3. Nf3 b6 4. e3 Bb7 5. Be2 Be7 6. O-O O-O 7. b3 d5 8. Nc3 c5
9. Ba3 dxc4 10. Bxc4 cxd4 11. Bxe7 Qxe7 12. Nxd4 Nc6 13. Nxc6 Bxc6 14. Qc2 Rfd8
15. Rad1 Rac8 16. Rxd8+ Rxd8 17. Bb5 Bxb5 18. Nxb5 a6 19. Nd4 Qd7 20. Nc6 Qd2
21. Qc1 Qxc1 22. Rxc1 Rd2 23. Nb4 h6 24. Nxa6 Rxa2 25. Nb4 Rd2 26. h3 Rb2 27.
Nd3 Rxb3 28. Ne5 Nd5 29. Rc8+ Kh7 30. Nxf7 Rb1+ 31. Kh2 b5 32. Rh8+ Kg6 33.
Ne5+ Kf6 34. Ng4+ Kg6 35. Ne5+ Kf5 36. Nc6 Rb2 37. Rf8+ Kg6 38. Ne5+ Kh7 39.
Nd3 Rb3 40. Nc5 Rc3 41. Nxe6 Nf6 42. Rf7 Rc6 43. Nd4 Rb6 44. Rd7 b4 45. Rc7 b3
46. Rc6 Rxc6 47. Nxc6 b2 48. Nb4 b1=Q 49. Nc6 Qe4 50. Nd4 Nd5 51. g3 Nc3 52.
Kg1 Ne2+ 53. Kh2 Qb1 54. Nxe2 Qe1 55. Ng1 Qxf2+ 56. Kh1 Qxe3 57. g4 Kg6 58. h4
Qe4+ 59. Kh2 Qxg4 60. Nh3 Qxh4 61. Kg2 Kf5 62. Kh2 g5 63. Kg2 g4 64. Nf2 g3 65.
Nh3 Kg4 66. Ng1 Qh2+ 67. Kf1 Qf2# 0-1

[Event "Junior Online 4NCL Division 2"]
[Site "online"]
[Date "2020.11.12"]
[Round "7.164"]
[White "Gubala, Max"]
[Black "Dewis, Oliver"]
[Result "1-0"]
[WhiteElo "700"]
[BlackElo "1075"]
[PlyCount "93"]
[EventDate "2020.11.12"]
[WhiteTeam "St Benildus"]
[BlackTeam "SASCA Sharks"]

1. e4 Nf6 2. Nc3 e5 3. Nf3 Nc6 4. d4 d5 5. dxe5 dxe4 6. Qxd8+ Kxd8 7. exf6 exf3
8. fxg7 Bxg7 9. gxf3 Bf5 10. Kd1 Kc8 11. Be3 Rd8+ 12. Kc1 Rd6 13. Bb5 Bh6 14.
Rd1 Bxe3+ 15. fxe3 Rd8 16. e4 Bg6 17. Rxd8+ Nxd8 18. Kd2 a6 19. Bf1 b5 20. Ke3
c5 21. Nd5 f5 22. Nb6+ Kb7 23. Nxa8 fxe4 24. fxe4 Kxa8 25. Bg2 Ka7 26. Rd1 Nb7
27. Rd7 Be8 28. Re7 Bc6 29. Rxh7 Kb6 30. h4 Na5 31. h5 Nc4+ 32. Kd3 Nxb2+ 33.
Kc3 Nc4 34. Rh6 Ne5 35. Re6 Ng4 36. e5 Ne3 37. Rxc6+ Kb7 38. Rxc5+ Kb6 39. Rc6+
Kb7 40. h6 Nxg2 41. Rf6 Nh4 42. h7 Ng6 43. Rxg6 a5 44. h8=Q b4+ 45. Kc4 Ka7 46.
Qh7+ Kb8 47. Rg8# 1-0

[Event "Junior Online 4NCL Division 2"]
[Site "online"]
[Date "2020.11.12"]
[Round "7.165"]
[White "Liu, Wenle"]
[Black "Atkinson, Matthew"]
[Result "1-0"]
[WhiteElo "1162"]
[BlackElo "1255"]
[PlyCount "41"]
[EventDate "2020.11.12"]
[WhiteTeam "St Benildus"]
[BlackTeam "SASCA Sharks"]

1. e4 e5 2. Nf3 Nc6 3. Bc4 Bc5 4. Nc3 Nf6 5. d3 Ng4 6. O-O O-O 7. Bg5 Nf6 8.
Nd5 Be7 9. Nxe7+ Qxe7 10. d4 exd4 11. Nxd4 Qxe4 12. c3 Nxd4 13. cxd4 d5 14. Bd3
Qe6 15. Re1 Qd6 16. Rc1 Ng4 17. g3 h6 18. Be7 Qb6 19. Bxf8 Qxb2 20. Re2 Qxd4
21. Bh7+ 1-0

[Event "Junior Online 4NCL Division 2"]
[Site "online"]
[Date "2020.11.12"]
[Round "7.166"]
[White "Krajci, Patrik"]
[Black "Hand, Joseph"]
[Result "0-1"]
[WhiteElo "1255"]
[BlackElo "1092"]
[PlyCount "102"]
[EventDate "2020.11.12"]
[WhiteTeam "SASCA Sharks"]
[BlackTeam "St Benildus"]

1. e4 e5 2. Nf3 Nc6 3. Bc4 Nf6 4. Ng5 d5 5. exd5 Na5 6. d3 h6 7. Nf3 Nxc4 8.
dxc4 e4 9. Qe2 Be7 10. Nd4 c5 11. Nb5 a6 12. d6 Bxd6 13. Nxd6+ Qxd6 14. O-O O-O
15. Rd1 Qe5 16. Nc3 Re8 17. g3 Bg4 18. Qd2 Bxd1 19. Qxd1 Rad8 20. Qe2 Qh5 21.
Qxh5 Nxh5 22. Be3 b6 23. Rd1 Rxd1+ 24. Nxd1 Re6 25. b3 g5 26. g4 Ng7 27. Nc3 f5
28. h3 Kf7 29. Nd5 Rd6 30. gxf5 Nxf5 31. Kg2 Nxe3+ 32. fxe3 a5 33. a4 Ke6 34.
Kf2 h5 35. Kg3 Rxd5 36. cxd5+ Kxd5 37. c4+ Ke5 38. h4 g4 39. Kg2 Kf5 40. Kg3
Kg6 41. Kf4 Kh6 42. Kxe4 Kg6 43. Kf4 Kf6 44. e4 Ke6 45. Ke3 Ke5 46. Kf2 Kxe4
47. Kg3 Ke3 48. Kg2 Ke2 49. Kg3 Kf1 50. Kh2 Kf2 51. Kh1 Kg3 0-1

[Event "Junior Online 4NCL Division 2"]
[Site "online"]
[Date "2020.11.12"]
[Round "7.167"]
[White "Bueckert, Diana"]
[Black "Harper, Luke"]
[Result "1-0"]
[WhiteElo "965"]
[BlackElo "1225"]
[PlyCount "79"]
[EventDate "2020.11.12"]
[WhiteTeam "St Benildus"]
[BlackTeam "SASCA Sharks"]

1. d4 e6 2. Nf3 d6 3. c4 Nf6 4. Nc3 d5 5. e3 Bb4 6. Bd2 c5 7. cxd5 Bxc3 8. Bxc3
exd5 9. dxc5 O-O 10. Be2 Nbd7 11. Bd4 Ne4 12. O-O Ndxc5 13. Rc1 Ne6 14. Bc3 b6
15. Bb5 Bb7 16. Bb4 Nd6 17. Ba4 b5 18. Bb3 Re8 19. Bxd5 Bxd5 20. Qxd5 Nc4 21.
Qxb5 Nb6 22. Rfd1 Qb8 23. Bd6 a6 24. Qb3 Qa7 25. Ne5 Ng5 26. Rc7 Qb8 27. Rxf7
Qxd6 28. Rxd6 Nxf7 29. Qxf7+ Kh8 30. Rxb6 Rf8 31. Qd7 Rad8 32. Qg4 Rc8 33. h3
Rfd8 34. Nf7+ Kg8 35. Nxd8 Rxd8 36. Qe6+ Kf8 37. Rb7 Rd1+ 38. Kh2 Rh1+ 39. Kxh1
a5 40. Qf7# 1-0

[Event "Junior Online 4NCL Division 2"]
[Site "online"]
[Date "2020.11.12"]
[Round "7.168"]
[White "Dewis, Oliver"]
[Black "Gubala, Max"]
[Result "0-1"]
[WhiteElo "1075"]
[BlackElo "700"]
[PlyCount "108"]
[EventDate "2020.11.12"]
[WhiteTeam "SASCA Sharks"]
[BlackTeam "St Benildus"]

1. d4 Nf6 2. c4 c6 3. Nd2 d5 4. e4 dxe4 5. f3 Qxd4 6. Nb3 Qxd1+ 7. Kxd1 exf3 8.
Nxf3 Bg4 9. h3 Bxf3+ 10. gxf3 Na6 11. c5 Rd8+ 12. Bd2 e6 13. Bxa6 b6 14. cxb6
axb6 15. Bb7 Bb4 16. Bxc6+ Ke7 17. Ke1 Bxd2+ 18. Nxd2 Rd6 19. Be4 Rhd8 20. Nb3
h6 21. Ke2 Nh5 22. Rhg1 Nf4+ 23. Ke3 g5 24. h4 f6 25. hxg5 hxg5 26. Rad1 Rxd1
27. Rxd1 Rxd1 28. Nd2 f5 29. Bc2 Re1+ 30. Kf2 Re2+ 31. Kg3 Rxd2 32. Bb3 Rxb2
33. Bc4 Ne2+ 34. Kf2 Nd4+ 35. Ke3 Nc2+ 36. Kd2 Na3+ 37. Kc3 Rc2+ 38. Kb3 Rxc4
39. Kxa3 Rc1 40. Kb2 Rc8 41. a3 e5 42. a4 e4 43. Kb3 exf3 44. Kb4 f2 45. a5
bxa5+ 46. Kxa5 f1=Q 47. Kb6 Qb1+ 48. Ka7 Qb8+ 49. Ka6 Rc6+ 50. Ka5 Qb6+ 51. Ka4
Rc4+ 52. Ka3 Qb4+ 53. Ka2 Rc2+ 54. Ka1 Qb2# 0-1

[Event "Junior Online 4NCL Div 2 Playoff"]
[Site "online"]
[Date "2020.11.26"]
[Round "8.11"]
[White "Madhavan, Sanjith"]
[Black "Rich, Aaron"]
[Result "1-0"]
[WhiteElo "1466"]
[BlackElo "1615"]
[PlyCount "69"]
[EventDate "2020.11.26"]
[WhiteTeam "East Kilbride Knights"]
[BlackTeam "Hull and Friends 2"]

1. e4 b6 2. d4 e6 3. Nc3 Bb7 4. Nf3 Bb4 5. Bd3 Ne7 6. O-O O-O 7. e5 f6 8. exf6
Rxf6 9. Ne4 Bxe4 10. Bxe4 d5 11. Bd3 Nbc6 12. c3 Bd6 13. Re1 h6 14. Qe2 Qf8 15.
Ne5 Nxe5 16. dxe5 Bxe5 17. Qxe5 c5 18. Bd2 Nc6 19. Qg3 c4 20. Bc2 Re8 21. Ba4
Rc8 22. Bxc6 Rxc6 23. Re2 Qf7 24. Rae1 Rg6 25. Qh3 e5 26. Rxe5 Rcf6 27. Be3 Rf3
28. Qc8+ Kh7 29. Re8 Qxe8 30. Qxe8 Rff6 31. Bd4 Rf5 32. Re7 Rfg5 33. g3 h5 34.
Qf8 Kh6 35. Qh8# 1-0

[Event "Junior Online 4NCL Div 2 Playoff"]
[Site "online"]
[Date "2020.11.26"]
[Round "8.12"]
[White "Wood, Gabriel"]
[Black "Shrestha, Unnabh"]
[Result "1-0"]
[WhiteElo "1600"]
[BlackElo "1084"]
[PlyCount "139"]
[EventDate "2020.11.26"]
[WhiteTeam "Hull and Friends 2"]
[BlackTeam "East Kilbride Knights"]

1. e4 c6 2. d4 d5 3. e5 Bf5 4. Bd3 Bxd3 5. Qxd3 e6 6. c3 Ne7 7. Bg5 Nd7 8. Nd2
h6 9. Bh4 Qc7 10. Ngf3 c5 11. b3 Nc6 12. O-O Be7 13. Bxe7 Nxe7 14. c4 dxc4 15.
bxc4 cxd4 16. Nxd4 Nxe5 17. Nb5 Qc6 18. Nd6+ Kf8 19. Qd4 Rd8 20. c5 f6 21. f4
Nf5 22. Qc3 Nf7 23. Nxf5 exf5 24. Nb3 Kg8 25. Rad1 Kh7 26. Nd4 Qe4 27. Qd3 Qxd3
28. Rxd3 Rd5 29. Rc1 Rhd8 30. Rc4 g5 31. g3 R8d7 32. Kf2 Kg6 33. Ke3 gxf4+ 34.
gxf4 Nd8 35. Rdc3 Rc7 36. c6 b6 37. Rc2 Rd6 38. Rg2+ Kf7 39. Nxf5 Rdxc6 40.
Rg7+ Ke6 41. Rxc7 Rxc4 42. Rxc4 Kxf5 43. Rc7 a6 44. Ra7 a5 45. Ra6 h5 46. Rxb6
Ne6 47. Rb5+ Kg4 48. Rxa5 Kh3 49. Rxh5+ Kg2 50. f5 Ng7 51. Rh8 Nxf5+ 52. Kf4
Nd4 53. Rh6 Ne2+ 54. Kf5 Nc3 55. Kxf6 Nxa2 56. h4 Nb4 57. Rg6+ Kh3 58. h5 Nd5+
59. Kg7 Ne7 60. Re6 Nf5+ 61. Kg6 Nh4+ 62. Kh7 Kg4 63. h6 Kf5 64. Ra6 Kg5 65.
Kg7 Nf5+ 66. Kh7 Kh5 67. Ra5 Kg5 68. Rxf5+ Kxf5 69. Kg8 Kg6 70. h7 1-0